000 00757nam a2200241Ia 4500
003 OSt
005 20220927105327.0
006 a|||||r|||| 00| 0
007 ta
008 220926b |||||||| |||| 00| 0 eng d
024 _a188767
037 _cReference Collections
040 _aRTL
_cRTL
_beng
041 _2eng
_aeng
082 _a"X.291s, P8/GD"
110 _a"ANDAMAN AND NICOBAR, ECONOMICS AND STATISTICS (Directorate of-)"
_9371711
245 0 _aIsland-wise statistical outline
_b2008
260 _aPort
_bBlair The Author
_c2008
300 _a121p
_ccm.
700 _a"ANDAMAN AND NICOBAR, ECONOMICS AND STATISTICS (Directorate of-)"
_9371712
942 _h"X.291s, P8/GD"
_cCC
999 _c691857
_d691857